Fascismo, neofascismo, postfascismo, populismo de derecha, extrema derecha... ¿vale facha? / (Record no. 46739)

MARC details
000 -LEADER
campo de control de longitud fija 01085nam a2200313Ia 4500
001 - NÚMERO DE CONTROL
campo de control 057174
008 - DATOS DE LONGITUD FIJA--INFORMACIÓN GENERAL
campo de control de longitud fija 221003m2019 xx 000 0 spa d
035 ## - NÚMERO DE CONTROL DEL SISTEMA
Número de control de sistema CENDO_46740
041 ## - CÓDIGO DE IDIOMA
Código de lengua del texto/banda sonora o título independiente spa
100 ## - ENTRADA PRINCIPAL--NOMBRE DE PERSONA
Nombre de persona MIQUEL NOVAJRA, Alejandro
9 (RLIN) 31014
245 #0 - MENCIÓN DEL TÍTULO
Título Fascismo, neofascismo, postfascismo, populismo de derecha, extrema derecha... ¿vale facha? /
Mención de responsabilidad, etc. Alejandro Miquel Novajra
260 ## - PUBLICACIÓN, DISTRIBUCIÓN, ETC.
Lugar de publicación, distribución, etc. Palma de Mallorca :
Nombre del editor, distribuidor, etc. Confederación Sindical de les Illes Balears,
Fecha de publicación, distribución, etc. 2019
300 ## - DESCRIPCIÓN FÍSICA
Extensión 4 p. ;
Dimensiones 30 cm
500 ## - NOTA GENERAL
Nota general En: Unitat, n. 8 (diciembre 2019), p. 48-51
650 #0 - PUNTO DE ACCESO ADICIONAL DE MATERIA--TÉRMINO DE MATERIA
Término de materia o nombre geográfico como elemento de entrada ACTITUD SINDICAL
9 (RLIN) 61
650 ## - PUNTO DE ACCESO ADICIONAL DE MATERIA--TÉRMINO DE MATERIA
Término de materia o nombre geográfico como elemento de entrada IDEOLOGIA POLITICA
9 (RLIN) 1711
650 ## - PUNTO DE ACCESO ADICIONAL DE MATERIA--TÉRMINO DE MATERIA
Término de materia o nombre geográfico como elemento de entrada ESPAÑA
9 (RLIN) 9
650 ## - PUNTO DE ACCESO ADICIONAL DE MATERIA--TÉRMINO DE MATERIA
Término de materia o nombre geográfico como elemento de entrada HISTORIA
9 (RLIN) 26
710 ## - ENTRADA AGREGADA--NOMBRE DE ENTIDAD CORPORATIVA
Nombre de entidad corporativa o nombre de jurisdicción como elemento de entrada CCOO
Unidad subordinada Confederación Sindical de les Illes Balears,
Término indicativo de función/relación ed.
9 (RLIN) 4174
856 ## - LOCALIZACIÓN Y ACCESO ELECTRÓNICOS
Nota pública PDF
Identificador Uniforme de Recursos <a href="http://docpublicos.ccoo.es/cendoc/057174FascismoNeofascismoPostfascismo.pdf">http://docpublicos.ccoo.es/cendoc/057174FascismoNeofascismoPostfascismo.pdf</a>
901 ## - ELEMENTOS DE DATOS A LOCAL LDA (RLIN)
a 1
903 ## - ELEMENTOS DE DATOS C LOCAL, LDC (RLIN)
a NO
904 ## - ELEMENTOS DE DATOS D LOCAL, LDD (RLIN)
a 000
907 ## - ELEMENTOS DE DATOS G LOCAL, LDG (RLIN)
a Política
953 ## -
-- 2020-01-22
-- DOCU_ELEC
-- Unitat, n. 8 (diciembre 2019), p. 48-51
-- PS95
910 ## - DATOS DE OPCIÓN DEL USUARIO (OCLC)
Datos de opción del usuario 2019
942 ## - ELEMENTOS DE ENTRADA SECUNDARIOS (KOHA)
Tipo de ítem Koha Documento Electrónico
Holdings
Estatus retirado Estado de pérdida Estado de daño No para préstamo Biblioteca de origen Biblioteca actual Fecha de adquisición Enumeración/cronología de publicación seriada Total de préstamos Código de barras Visto por última vez Copia número Precio de reemplazo Tipo de ítem Koha
        CENDO CENDO 22/01/2020 Unitat, n. 8 (diciembre 2019), p. 48-51   CENDO_46740 05/10/2022 PS95 05/10/2022 Documento Electrónico